Baroko na Těšínsku : ze sbírek Muzea Těšínska v Českém Těšíně /
| Hlavní autor: | Pavlíková, Jiřina, 1953- |
|---|---|
| Jazyk: | Němčina Polština Čeština Angličtina |
| Vydáno: |
Havířov ; Český Těšín : Muzeum Těšínska, 2005 |
| Témata: | |
| Fyzický popis: |
48 s. : barev. il., mapa, portréty ; 24 cm |
| Language note: |
Souběžný anglický, německý a polský text |
|
| LEADER | 02073nam a2200553 a 4500 | ||
|---|---|---|---|
| 001 | nkc20051575098 | ||
| 003 | CZ PrNK | ||
| 005 | 20071206110156.0 | ||
| 007 | ta | ||
| 008 | 071015s2005 xr abc e c 000 0 cze | ||
| 015 | |a cnb001575098 | ||
| 020 | |a 80-86696-02-2 |q (brož.) | ||
| 035 | |a (OCoLC)190752062 | ||
| 040 | |a ABA001 |b cze |d BOA001 | ||
| 041 | 1 | |a cze |a eng |a ger |a pol |h cze | |
| 043 | |a e-xr--- |b e-xr-mo |2 czenas | ||
| 045 | |a v-w5 | ||
| 072 | 7 | |a 72/76 |x Výtvarné umění |2 Konspekt |9 21 | |
| 080 | |a 72/76 |2 MRF | ||
| 080 | |a 7.034.7 |2 MRF | ||
| 080 | |a 069.5 |2 MRF | ||
| 080 | |a (437.326) |2 MRF | ||
| 080 | |a (083.81) |2 MRF | ||
| 100 | 1 | |a Pavlíková, Jiřina, |d 1953- |7 ola200205898 |4 aut | |
| 245 | 1 | 0 | |a Baroko na Těšínsku : |b ze sbírek Muzea Těšínska v Českém Těšíně / |c Jiřina Pavlíková |
| 260 | |a Havířov ; |a Český Těšín : |b Muzeum Těšínska, |c 2005 | ||
| 300 | |a 48 s. : |b barev. il., mapa, portréty ; |c 24 cm | ||
| 500 | |a 500 výt. | ||
| 504 | |a Obsahuje bibliografii | ||
| 546 | |a Souběžný anglický, německý a polský text | ||
| 648 | 7 | |a 18.-19. století |7 ch757018 |2 czenas | |
| 650 | 0 | 7 | |a výtvarné umění |7 ph116708 |z Česko |y 18.-19. stol. |2 czenas |
| 650 | 0 | 7 | |a barokní umění |7 ph118765 |z Česko |2 czenas |
| 650 | 0 | 7 | |a muzejní sbírky |7 ph137908 |z Česko |2 czenas |
| 650 | 0 | 9 | |a art |z Czechia |y 18th-19th centuries |2 eczenas |
| 650 | 0 | 9 | |a baroque art |z Czechia |2 eczenas |
| 650 | 0 | 9 | |a museum collections |z Czechia |2 eczenas |
| 655 | 7 | |a katalogy |7 fd132535 |2 czenas | |
| 655 | 9 | |a catalogs |2 eczenas | |
| 610 | 2 | 7 | |a Muzeum Těšínska (Český Těšín, Česko) |7 ko2003171839 |2 czenas |
| 651 | 7 | |a Český Těšín (Česko : oblast) |7 ge131717 |2 czenas | |
| 651 | 7 | |a Český Těšín (Česko) |7 ge128622 |2 czenas | |
| 651 | 9 | |a Český Těšín (Czechia) |2 eczenas | |
| 651 | 9 | |a Český Těšín Region (Czechia) |2 eczenas | |
| 910 | 2 | |a BOA001 |b 2-1190.281 | |
| 990 | |a BK | ||
| 995 | |a 01 | ||
| 991 | |b 200710 |c NOV | ||
| 996 | 6 | |b 2610322287 |c 2-1190.281 |l MZK |r Sklad / do 1 hodiny |n 2 |p p.v. |w 000869319 |u 000010 |a 1 |e BOA001 |j MZK50 |s P | |
English
Čeština 